|
|
|
|
| LEADER |
00000nam a22000007a 4500 |
| 005 |
2020102007537.0 |
| 007 |
cr|||| |||| |
| 008 |
201020s2020 es |||||s|||| 00||0 spa d |
| 020 |
|
|
|a 978-84-1324-717-5
|
| 035 |
|
|
|a 32108
|
| 040 |
|
|
|a vLex
|
| 090 |
|
|
|c 10764
|d 10764
|
| 100 |
1 |
|
|a Gm̤ez Puerto, ℓngel B.
|
| 245 |
1 |
0 |
|a Constitucin̤, ciudadana̕ y medio ambiente
|h [Recurso electrn̤ico] /
|c ℓngel B. Gm̤ez Puerto
|
| 256 |
|
|
|a Servicio en ln̕ea
|
| 260 |
|
|
|a Madrid:
|b Dykinson,
|c 2020
|
| 300 |
|
|
|a 1 recurso electrn̤ico
|
| 506 |
1 |
|
|a Disponible solo en los productos indicados
|d vLex Global
|d vLex Global (Academic Edition, excluding Law Schools)
|d vLex Global (U.S. Academic Edition, Law Schools)
|d vLex Global (U.S. Academic Edition, excluding Law Schools)
|d vLex Global (Academic Edition, Law Schools)
|
| 650 |
0 |
4 |
|a Derecho Constitucional
|z Espaą
|
| 650 |
0 |
4 |
|a Derecho del Medio Ambiente
|z Espaą
|
| 740 |
0 |
|
|a vLex Libros (Servicio en ln̕ea)
|
| 856 |
4 |
0 |
|u http://vlex.com/source/constitucion-ciudadania-medio-ambiente-32108
|z Acceso restringido
|
| 942 |
|
|
|c BOOK
|
| 999 |
0 |
|
|a Constitutional Law
|
| 999 |
0 |
|
|a Environmental Law
|